| 000 -CABECERA |
| Longitud fija campo de control |
00786cam a22002177a 4500 |
| 003 - IDENTIFICADOR DEL NÚMERO DE CONTROL |
| Identificador del número de control |
OSt |
| 005 - FECHA Y HORA DE LA ÚLTIMA TRANSACCIÓN |
| Fecha y hora de la última transacción |
20150414173717.0 |
| 008 - CÓDIGOS DE INFORMACIÓN DE LONGITUD FIJA |
| Códigos de información de longitud fija |
150130s2014 sp ||||| b||| 000 0 spa|d |
| 020 ## - NÚMERO INTERNACIONAL NORMALIZADO PARA LIBROS |
| Número Internacional Normalizado para Libros (ISBN) |
9788483199688 |
| 040 ## - FUENTE DE LA CATALOGACIÓN |
| Lengua de catalogación |
cat |
| Centro transcriptor |
CDMR |
| 100 1# - PUNTO DE ACCESO PRINCIPAL-NOMBRE DE PERSONA |
| Nombre de persona |
Montero Sánchez, David |
| 245 13 - MENCIÓN DE TÍTULO |
| Título |
El cambio social a través de las imágenes |
| Resto del título |
: guía para entender y utilizar el vídeo participativo |
| Mención de responsabilidad, etc. |
David Montero Sánchez y José Manuel Moreno Domínguez |
| 260 ## - PUBLICACIÓN, DISTRIBUCIÓN, ETC. (PIE DE IMPRENTA) |
| Lugar de publicación, distribución, etc. |
Madrid |
| Nombre del editor, distribuidor, etc. |
Los Libros de la Catarata |
| Fecha de publicación, distribución, etc. |
DL 2014 |
| 300 ## - DESCRIPCIÓN FÍSICA |
| Extensión |
143 p. |
| Dimensiones |
21 cm |
| 500 ## - NOTA GENERAL |
| Nota general |
Bibliografia p. 139-143 |
| 650 #7 - PUNTO DE ACCESO ADICIONAL DE MATERIA - TÉRMINO DE MATERIA |
| Término de materia o nombre geográfico como elemento inicial |
Comunicació audiovisual |
| Fuente del encabezamiento o término |
lemac |
| 9 (RLIN) |
2084 |
| 650 #7 - PUNTO DE ACCESO ADICIONAL DE MATERIA - TÉRMINO DE MATERIA |
| Término de materia o nombre geográfico como elemento inicial |
Canvi social |
| Subdivisión de materia general |
Participació ciutadana |
| Fuente del encabezamiento o término |
lemac |
| 650 04 - PUNTO DE ACCESO ADICIONAL DE MATERIA - TÉRMINO DE MATERIA |
| Término de materia o nombre geográfico como elemento inicial |
Vídeo |
| Subdivisión de materia general |
Participació ciutadana |
| 700 1# - PUNTO DE ACCESO ADICIONAL - NOMBRE DE PERSONA |
| Nombre de persona |
Moreno Domínguez, José Manuel |
| 942 ## - ENTRADA DE ELEMENTOS AGREGADOS (KOHA) |
| Koha [por defecto] tipo de item |
Monografies |